| 000 | 00420nam a2200157Ia 4500 | ||
|---|---|---|---|
| 008 | 210210b2006 xxu||||| |||| 00| 0 eng d | ||
| 020 | _a81 8329 107 4 | ||
| 082 | _a621.3815 DASD | ||
| 100 | _aDASS (S K). | ||
| 245 | _aDigital electronics. | ||
| 260 |
_aNew Delhi _bShree Publishers and Distributors _c2006 |
||
| 300 | _avi,231 | ||
| 650 | _aDigital Electronics | ||
| 690 | _aDigital Electronics | ||
| 906 | _a061424 | ||
| 999 |
_c108309 _d108309 |
||